000 00337cam a22001097a 4500
008 180718b1985 xxu||||| |||| 00| 0 eng d
082 _aQ43065x54 In2
245 _aChild in India : a statistical Profile
_cby Ministry Of Welfare
260 _aNew Delhi
_bGovernment of India
_c1985
300 _a1519p.
700 _aIndia. Ministry Of Welfare
999 _c495441
_d495441